000 00622cam a22002053a 4500
001 45505
003 PGUSA
005 20140828084043.0
008 140427s2014||||xxu|||||s|||||000 | eng d
040 _aPGUSA
_beng
042 _adc
100 1 _aFinlayson, George
245 1 4 _aThe Mission to Siam, and Hué the Capital of Cochin China, in the Years 1821-2
_h[electronic resource] /
_cGeorge Finlayson
260 _bProject Gutenberg,
_c2014
506 _aPublic domain in the USA.
516 _aElectronic text
830 0 _aProject Gutenberg
_v45505
856 4 0 _uhttp://www.gutenberg.org/ebooks/45505
942 _cEB
999 _c274756
_d274756